[Event "Match"]
[Site "www.echecsemail.com"]
[Date "2018.02.27"]
[Round "1"]
[White "Whitekknight"]
[Black "Carazo"]
[WhiteElo "1970"]
[BlackElo "1830"]
[Result "1-0"]
[Round "1"]
1.e4 e5
2.Ng1f3 Nb8c6
3.Bf1c4 h6
4.Nb1c3 Ng8f6
5.O-O Bf8b4
6.a3 Bb4xc3
7.bxc3 O-O
8.d3 Rf8e8
9.Rf1e1 d6
10.d4 Bc8g4
11.h3 Bg4e6
12.d5 Nc6a5
13.Bc4a2 Be6d7
14.Kh2 c6
15.dxc6 Bd7xc6
16.Qd1e2 a6
17.Bc1d2 Bc6b5
18.c4 Bb5d7
19.Ra1b1 b5
20.cxb5 Bd7xb5
21.c4 Bb5c6
22.Bd2b4 Na5b7
23.Re1d1 Bc6xe4
24.Nf3g1 Be4xb1
25.Ba2xb1 Nf6h5
26.Qe2xh5 Qd8d7
27.Bb1f5 Qd7c6
28.Qh5g4 Re8e7
29.Bf5e4 Qc6b6
30.Qg4f5 g6
31.Qf5f3 a5
32.Be4xb7 Re7xb7
33.Bb4xd6 Ra8d8
34.c5 Qb6b5
35.Qf3f6 Qb5b3
36.Rd1e1 Rb7d7
37.Bd6xe5 Kf8
38.Qf6h8 Ke7
39.Be5d6 { resign }
1-0

[Event "Match"]
[Site "www.echecsemail.com"]
[Date "2018.02.27"]
[Round "1"]
[White "Eulero76"]
[Black "Azocarwagner"]
[WhiteElo "1930"]
[BlackElo "1860"]
[Result "1-0"]
[Round "1"]
1.c4 e5
2.g3 Ng8f6
3.Bf1g2 Bf8c5
4.Nb1c3 O-O
5.a3 Bc5xf2
6.Kxf2 Nf6g4
7.Ke1 Qd8f6
8.Ng1f3 Rf8e8
9.d3 Nb8c6
10.h3 e4
11.Nc3xe4 Qf6e6
12.hxg4 Qe6xg4
13.Rh1h4 Qg4f5
14.Bg2h3 Qf5a5
15.Bc1d2 Qa5b6
16.c5 Qb6xb2
17.Bd2c3 Qb2b5
18.Ra1b1 Qb5a6
19.Rh4g4 f6
20.Ne4xf6 Kf7
21.Nf6xe8 Kxe8
22.Rg4xg7 d5
23.Rg7g8 Kf7
24.Rg8xc8 Qa6xa3
25.Qd1d2 Nc6e7
26.Qd2f4 Kg6
27.Qf4f6 Kh5
28.Qf6g5 { resign }
1-0

[Event "Match"]
[Site "www.echecsemail.com"]
[Date "2018.02.27"]
[Round "1"]
[White "Lion123"]
[Black "Dussek"]
[WhiteElo "1590"]
[BlackElo "1790"]
[Result "1-0"]
[Round "1"]
1.e4 c6
2.d4 d5
3.Nb1c3 dxe4
4.Nc3xe4 Bc8f5
5.Ne4g3 Bf5g6
6.Ng1f3 Ng8f6
7.h4 h6
8.h5 Bg6h7
9.Bf1d3 Bh7xd3
10.Qd1xd3 e6
11.Bc1e3 Nb8d7
12.O-O-O Bf8d6
13.Kb1 Nf6g4
14.Rd1e1 O-O
15.Nf3h2 Ng4xe3
16.Qd3xe3 Nd7f6
17.Nh2g4 Nf6xg4
18.Qe3e2 Qd8g5
19.Ng3e4 Qg5d5
20.Qe2xg4 f5
21.Qg4g6 fxe4
22.Re1xe4 Rf8f6
23.Qg6g4 Rf6xf2
24.Re4e2 Rf2f4
25.Qg4h3 Ra8e8
26.g4 Rf4f3
27.Qh3h4 Qd5xd4
28.a3 Qd4c4
29.Re2d2 Bd6e5
30.Rd2d8 Rf3f8
31.Rd8xe8 Rf8xe8
32.Rh1d1 Be5f6
33.Qh4h3 Qc4b5
34.Qh3b3 Qb5e2
35.Rd1g1 Kh7
36.Qb3d3 { resign }
1-0

[Event "1/32 Finale"]
[Site "www.chess-mail.com"]
[Date "2018.02.27"]
[Round "1"]
[White "Szustan"]
[Black "Bojan"]
[WhiteElo "2610"]
[BlackElo "1900"]
[Result "1-0"]
[Round "1"]
1.e4 g6
2.d4 e6
3.Bf1d3 Bf8g7
4.Bc1e3 f5
5.exf5 exf5
6.Ng1f3 d6
7.O-O c6
8.Rf1e1 Ng8e7
9.Be3g5 Bg7f8
10.Bg5f6 Rh8g8
11.Qd1d2 Kf7
12.Bf6g5 Bf8g7
13.Re1xe7 Qd8xe7
14.Bg5xe7 Kxe7
15.Nb1c3 Nb8d7
16.Ra1e1 Kf7
17.Nf3g5 Kf8
18.Ng5xh7 Kf7
19.Bd3c4 d5
20.Nc3xd5 Nd7e5
21.Nh7g5 Kf8
22.Qd2b4 { resign }
1-0

[Event "1/128 Finale"]
[Site "www.chess-mail.com"]
[Date "2018.02.27"]
[Round "1"]
[White "Mitja"]
[Black "Sefj"]
[WhiteElo "2060"]
[BlackElo "1809"]
[Result "0-1"]
[Round "1"]
1.d4 e6
2.e3 c6
3.c3 b5
4.b3 g6
5.Bc1b2 d5
6.Bf1e2 Qd8g5
7.Be2f3 e5
8.dxe5 Qg5xe5
9.Qd1d2 Qe5d6
10.c4 f6
11.cxb5 Bc8e6
12.bxc6 Nb8xc6
13.Ng1e2 Nc6e5
14.Ne2d4 Be6d7
15.Nb1c3 Ne5xf3
16.Nd4xf3 Bd7c6
17.Nf3d4 Bc6d7
18.Ra1d1 Ng8e7
19.Nc3b5 Bd7xb5
20.Nd4xb5 Qd6b6
21.Nb5d4 Bf8g7
22.O-O O-O
23.Qd2e2 Ra8b8
24.Bb2a3 Rf8e8
25.Rd1c1 f5
26.Rf1d1 h5
27.h3 Bg7h6
28.Ba3c5 Qb6b7
29.b4 Qb7d7
30.Qe2a6 Kh7
31.a3 f4
32.exf4 Bh6xf4
33.Rc1c2 Ne7f5
34.Nd4xf5 Qd7xf5
35.Qa6xa7 Kh6
36.Qa7a4 Qf5e5
37.Kf1 Re8e6
38.Bc5d4 Qe5e4
39.Qa4b3 Rb8e8
40.Qb3c3 Kg5
41.f3 Qe4f5
42.Bd4f2 h4
43.Rd1e1 Bf4e5
44.Qc3d2 Kh5
45.Qd2d1 Qf5f4
46.Rc2e2 Qf4c4
47.Qd1c2 Be5c3
48.Re1d1 Re6xe2
49.Qc2c1 Re2c2
{ resign }
0-1

[Event "1/128 Finale"]
[Site "www.chess-mail.com"]
[Date "2018.02.27"]
[Round "1"]
[White "Reda"]
[Black "Bojan"]
[WhiteElo "1499"]
[BlackElo "1860"]
[Result "1-0"]
[Round "1"]
1.d4 d5
2.Bc1f4 Nb8c6
3.Nb1c3 a6
4.e3 Ng8f6
5.Ng1f3 Nf6h5
6.Bf1d3 Nh5xf4
7.exf4 Bc8g4
8.O-O Nc6xd4
9.h3 Bg4xf3
10.gxf3 Qd8d7
11.Kg2 e6
12.Rf1e1 g6
13.Bd3xa6 Ra8xa6
14.Qd1xd4 Rh8g8
15.Kg3 c5
16.Qd4xd5 Ra6d6
17.Qd5xc5 Rd6d5
18.Qc5e3 Bf8c5
19.Nc3xd5 Qd7xd5
20.Qe3d3 Qd5c6
21.Ra1d1 Bc5b6
22.Qd3d6 Qc6b5
23.Qd6b8 { resign }
1-0

[Event "Fast Game"]
[Site "www.echecsemail.com"]
[Date "2018.02.27"]
[Round "1"]
[White "Sefj"]
[Black "Reda"]
[WhiteElo "1769"]
[BlackElo "1599"]
[Result "1-0"]
[Round "1"]
1.Ng1f3 d5
2.b3 Bc8f5
3.d4 Nb8c6
4.Bc1b2 Nc6b4
5.Nb1a3 e6
6.e3 Ng8f6
7.Qd1e2 Bf8d6
8.Qe2b5 c6
9.Qb5xb7 O-O
10.Nf3e5 Bd6xe5
11.dxe5 Nf6d7
12.Qb7xb4 Nd7xe5
13.Bb2xe5 f6
14.Be5d6 Rf8f7
15.Bf1d3 Ra8b8
16.Bd6xb8 Qd8c8
17.Bd3xf5 exf5
18.Bb8f4 Qc8e8
19.O-O-O g5
20.Bf4d6 Kg7
21.h4 Rf7d7
22.hxg5 fxg5
23.Rh1h2 Qe8c8
24.Qb4d4 Kf7
25.Rh2xh7 { resign }
1-0

[Event "Fast Game"]
[Site "www.echecsemail.com"]
[Date "2018.02.27"]
[Round "1"]
[White "Reda"]
[Black "Fegatux"]
[WhiteElo "1599"]
[BlackElo "1599"]
[Result "0-1"]
[Round "1"]
1.d4 d6
2.Bc1f4 Ng8f6
3.Nb1c3 e6
4.Ng1f3 Bf8e7
5.e4 c6
6.e5 Nf6d5
7.Nc3xd5 cxd5
8.exd6 Be7xd6
9.Bf4xd6 Qd8xd6
10.Bf1d3 Nb8c6
11.O-O h6
12.Bd3b5 a6
13.Bb5xc6 bxc6
14.c3 a5
15.Qd1a4 O-O
16.Nf3e5 Bc8b7
17.c4 f6
18.Ne5f3 Bb7a6
19.Rf1e1 Ba6xc4
20.Ra1c1 Bc4b5
21.Qa4c2 a4
22.Re1e3 Rf8e8
23.Nf3d2 e5
24.dxe5 Re8xe5
25.Re3g3 Re5g5
26.Rg3d3 Bb5xd3
27.Qc2xd3 Rg5e5
28.Nd2c4 Qd6c5
29.Qd3a3 Qc5xc4
30.Rc1xc4 Re5e1
{ resign }
0-1

[Event "Tourn. n9667"]
[Site "www.chess-mail.com"]
[Date "2018.02.28"]
[Round "1"]
[White "Sahlapalat"]
[Black "Bojan"]
[WhiteElo "2050"]
[BlackElo "2100"]
[Result "1-0"]
[Round "1"]
1.d4 c6
2.c4 Ng8f6
3.Nb1c3 g6
4.e4 d6
5.Ng1f3 Bf8g7
6.Bf1e2 a6
7.O-O Qd8c7
8.h3 h6
9.Bc1f4 Nf6h7
10.c5 Qc7d8
11.cxd6 exd6
12.Qd1d2 g5
13.Bf4g3 O-O
14.Ra1d1 b5
15.Rf1e1 Ra8a7
16.Be2d3 Ra7e7
17.e5 d5
18.Qd2c2 f5
19.exf6 Re7xe1
20.Rd1xe1 Nh7xf6
21.Nf3e5 Bc8b7
22.Nc3d1 Nf6e4
23.Bd3xe4 dxe4
24.Qc2xe4 Rf8e8
25.Qe4g6 Re8f8
26.Qg6e6 Kh7
27.Nd1e3 Rf8f6
28.Qe6g4 Bb7c8
29.Qg4e4 Kg8
30.Re1c1 Rf6e6
31.Ne3f5 Bg7f8
32.Qe4c2 Re6f6
33.Nf5e3 Qd8xd4
34.Ne5g4 Bf8d6
35.Rc1d1 { resign }
1-0

[Event "Tourn. n9717"]
[Site "www.chess-mail.com"]
[Date "2018.02.28"]
[Round "1"]
[White "Coolant"]
[Black "Apdash"]
[WhiteElo "2270"]
[BlackElo "2150"]
[Result "1-0"]
[Round "1"]
1.d4 d5
2.c4 dxc4
3.e3 Ng8f6
4.Bf1xc4 e6
5.Nb1c3 Bf8b4
6.Ng1f3 O-O
7.O-O c5
8.a3 Bb4xc3
9.bxc3 Nf6e4
10.Qd1c2 Ne4d6
11.Bc4d3 f5
12.dxc5 Nd6f7
13.a4 Nb8c6
14.Rf1d1 Qd8c7
15.Bc1a3 Bc8d7
16.Ra1b1 Nf7e5
17.Nf3xe5 Nc6xe5
18.c6 Bd7xc6
19.Ba3xf8 Ne5xd3
20.Bf8a3 Nd3e5
21.Ba3d6 Ne5f3
22.gxf3 Qc7f7
23.e4 fxe4
24.fxe4 Qf7g6
25.Bd6g3 Bc6xe4
26.Qc2c1 Qg6h5
27.Qc1e3 Be4c6
28.Rd1d6 Qh5h3
29.Qe3xe6 Qh3xe6
30.Rd6xe6 Ra8d8
31.a5 a6
32.Re6xc6 bxc6
33.Rb1b6 { resign }
1-0

[Event "Tourn. n9697"]
[Site "www.chess-mail.com"]
[Date "2018.02.28"]
[Round "1"]
[White "Mitja"]
[Black "Comrade"]
[WhiteElo "2020"]
[BlackElo "2300"]
[Result "0-1"]
[Round "1"]
1.d4 d5
2.e3 e6
3.Ng1f3 Ng8f6
4.c3 c5
5.dxc5 Bf8xc5
6.Nb1d2 a6
7.Nd2b3 Bc5b6
8.Bf1e2 Nb8c6
9.Nb3d4 O-O
10.Nd4xc6 bxc6
11.O-O Bb6c7
12.b3 e5
13.Rf1e1 e4
14.Nf3d2 Qd8d6
15.Nd2f1 Bc8f5
16.Bc1b2 Rf8d8
17.Ra1c1 Qd6e6
18.Qd1c2 Bc7e5
19.Nf1g3 Bf5g4
20.Be2xg4 Nf6xg4
21.c4 Ra8c8
22.Bb2xe5 Ng4xe5
23.Re1d1 Ne5d3
24.Rc1b1 f5
25.cxd5 cxd5
26.Qc2e2 Rc8c3
27.h3 Rd8c8
28.Rd1d2 Qe6c6
29.Ng3xf5 Qc6f6
30.Nf5d4 Rc3c1
31.Rb1xc1 Rc8xc1
32.Kh2 g6
33.f4 Rc1e1
34.Qe2g4 Re1xe3
35.Nd4e2 Qf6f5
36.Qg4h4 Kg7
37.Rd2c2 Qf5f7
38.Qh4g5 Re3xe2
39.Rc2xe2 Qf7xf4
40.Qg5xf4 Nd3xf4
41.Re2e1 Nf4d3
42.Re1e2 Kf6
43.Kg3 Ke5
44.Re2c2 e3
45.Rc2e2 Ke4
46.a4 d4
47.Re2c2 Nd3b4
48.Rc2c1 e2
49.Kf2 Nb4d3
{ resign }
0-1

[Event "Tourn. n9688"]
[Site "www.chess-mail.com"]
[Date "2018.02.28"]
[Round "1"]
[White "Apdash"]
[Black "Piriot"]
[WhiteElo "2250"]
[BlackElo "2500"]
[Result "0-1"]
[Round "1"]
1.e4 e5
2.f4 Ng8f6
3.Nb1c3 d5
4.fxe5 Nf6xe4
5.Ng1f3 Bf8c5
6.d4 Bc5b4
7.Bc1d2 c5
8.Bf1b5 Nb8c6
9.O-O O-O
10.Bb5xc6 bxc6
11.Nc3xe4 dxe4
12.c3 exf3
13.cxb4 fxg2
14.Kxg2 Qd8xd4
15.Bd2c3 Qd4xd1
16.Ra1xd1 cxb4
17.Bc3xb4 Rf8e8
18.Bb4d6 Bc8e6
19.a3 Be6d5
20.Kg3 Re8e6
21.b4 f6
22.Kf4 fxe5
23.Bd6xe5 Ra8f8
{ resign }
0-1

[Event "Tourn. n9707"]
[Site "www.chess-mail.com"]
[Date "2018.02.28"]
[Round "1"]
[White "Sahlapalat"]
[Black "Izastar"]
[WhiteElo "2120"]
[BlackElo "2039"]
[Result "1-0"]
[Round "1"]
1.d4 f5
2.g3 Ng8f6
3.Bf1g2 g6
4.c4 Bf8g7
5.Ng1f3 d6
6.Nb1c3 c6
7.O-O O-O
8.Qd1d3 Qd8c7
9.d5 e5
10.dxe6  { time }
1-0

[Event "Tourn. n9732"]
[Site "www.chess-mail.com"]
[Date "2018.02.28"]
[Round "1"]
[White "Piekki"]
[Black "Mitja"]
[WhiteElo "2190"]
[BlackElo "2100"]
[Result "1-0"]
[Round "1"]
1.e4 d5
2.exd5 Qd8xd5
3.Nb1c3 Qd5d8
4.Bf1c4 e6
5.Ng1f3 c6
6.d4 h6
7.O-O Ng8f6
8.Qd1e2 Bf8e7
9.Nf3e5 b6
10.f4 Bc8b7
11.Ne5xf7 Kxf7
12.Qe2xe6 Ke8
13.Qe6f7 Kd7
14.f5 Kc8
15.Bc4e6 Nb8d7
16.Bc1f4 Bb7a6
17.d5 cxd5
18.Nc3xd5 Be7c5
19.Kh1 Ba6xf1
20.Ra1xf1 Nf6xd5
21.Be6xd5 Ra8b8
22.Bd5c4 Rb8b7
23.Bc4a6 Qd8e7
24.Qf7d5 Nd7f6
25.Qd5c6 Kd8
26.Rf1d1 { resign }
1-0

[Event "Tourn. n9722"]
[Site "www.chess-mail.com"]
[Date "2018.02.28"]
[Round "1"]
[White "Fabos12"]
[Black "Prize64"]
[WhiteElo "2010"]
[BlackElo "2180"]
[Result "0-1"]
[Round "1"]
1.d4 c5
2.d5 Ng8f6
3.Nb1c3 d6
4.Bc1f4 g6
5.h3 Bf8g7
6.Ng1f3 a6
7.e3 b5
8.a3 O-O
9.b4 { time. }
0-1

[Event "Match"]
[Site "www.echecsemail.com"]
[Date "2018.02.28"]
[Round "1"]
[White "Iko"]
[Black "Sefj"]
[WhiteElo "1670"]
[BlackElo "1809"]
[Result "0-1"]
[Round "1"]
1.e4 e5
2.Ng1f3 Nb8c6
3.Bf1b5 d6
4.Qd1e2 Bc8d7
5.O-O Nc6b4
6.Qe2c4 Nb4c6
7.d3 h6
8.Bb5xc6 Bd7xc6
9.Bc1e3 Ng8f6
10.h3 a6
11.Nb1c3 Qd8d7
12.b4 Bf8e7
13.g4 b5
14.Qc4b3 Nf6xg4
15.Nf3h2 Ng4xh2
16.Kxh2 Be7g5
17.f4 O-O-O
18.fxg5 hxg5
19.Rf1xf7 Qd7xh3
20.Kg1 Qh3h1
21.Kf2 Rh8h2
22.Kg3 Qh1g2

0-1

[Event "Match"]
[Site "www.echecsemail.com"]
[Date "2018.02.28"]
[Round "1"]
[White "Apdash"]
[Black "Calponas"]
[WhiteElo "2260"]
[BlackElo "2110"]
[Result "1/2-1/2"]
[Round "1"]
1.e4 c5
2.Ng1f3 d6
3.d4 cxd4
4.Nf3xd4 Ng8f6
5.Nb1c3 a6
6.Bf1e2 e5
7.Nd4b3 Bc8e6
8.O-O Bf8e7
9.Bc1e3 Nb8c6
10.f4 exf4
11.Be3xf4 O-O
12.Qd1d2 Qd8c7
13.Kh1 Nc6e5
14.Nb3d4 b5
15.Be2d3 Ra8c8
16.Nc3e2 Ne5xd3
17.cxd3 Qc7b6
18.e5 dxe5
19.Bf4xe5 Rc8c5
20.Nd4xe6 fxe6
21.Be5d4 Rf8c8
22.Ne2c3 Qb6d6
23.Bd4xc5 Rc8xc5
24.Ra1d1 Rc5h5
25.Qd2f4 Qd6xf4
26.Rf1xf4 Be7d6
27.Rf4xf6 Rh5xh2
28.Kg1 gxf6
29.Nc3e4 Bd6f4
30.g3 Bf4xg3
31.Ne4xg3 Rh2xb2
32.Ng3e4 Kg7
33.Ne4c5 e5
34.Nc5xa6 Rb2xa2
35.Na6c7 b4
36.Rd1b1 Ra2d2
37.Rb1b3 Kg6
38.Nc7d5 f5
39.Nd5xb4 h5
40.Nb4c6 Kf6
41.Rb3b5 Rd2xd3
42.Nc6xe5 Rd3d2
43.Ne5f3 Rd2a2
44.Rb5b6 Kg7
45.Nf3h4 f4
46.Rb6g6 Kh7
47.Rg6f6 f3
48.Nh4xf3 Kg7
49.Rf6b6 Kf7
50.Rb6h6 h4
51.Rh6xh4 Ke6
52.Rh4h5 Kd6
53.Kf1 Ke6
54.Ke1 Kd6
55.Nf3d2 Ke6
56.Ke2 Ra2a3
57.Nd2c4 Ra3c3
58.Nc4e3 Rc3a3
59.Kf3 Kd6
60.Ke4 Ra3a4
61.Kd3 Ra4a3
62.Kd4 Ra3a4
63.Ne3c4 Kc6
64.Rh5c5 Kd7
65.Kd5 Ra4a1
66.Nc4e5 Ke7
67.Rc5c6 Ra1d1
68.Ke4 Rd1e1
69.Kd4 Re1d1
70.Ne5d3 Kd7
71.Rc6h6 Rd1d2
72.Ke4 Rd2d1
73.Nd3f2 Rd1e1
74.Kd5 Re1e7
75.Nf2e4 Kc7
76.Rh6c6 Kb7
77.Ne4c5 Ka7
78.Rc6a6 Kb8
79.Kd6 Re7h7
80.Nc5d7 Kb7
81.Nd7c5 Kb8
82.Ra6a1 Rh7h6
83.Nc5e6 Kb7
84.Ra1b1 Ka7
85.Kd5 Ka6
86.Ne6c7 Ka7
87.Kc5 Rh6h5
88.Kd6 { draw }
1/2-1/2

[Event "Match"]
[Site "www.echecsemail.com"]
[Date "2018.02.28"]
[Round "1"]
[White "Whitekknight"]
[Black "Raulazo"]
[WhiteElo "1970"]
[BlackElo "1820"]
[Result "0-1"]
[Round "1"]
1.d4 d5
2.e4 dxe4
3.f3 Ng8f6
4.Nb1c3 Bc8f5
5.Bc1e3 exf3
6.Qd1xf3 Bf5c8
7.Bf1c4 Bc8g4
8.Qf3f2 c6
9.h3 Bg4f5
10.Ng1f3 b5
11.Bc4b3 e6
12.Nf3e5 Bf8b4
13.Be3d2 Bb4d6
14.Ne5f3 a5
15.O-O-O O-O
16.a3 a4
17.Bb3a2 Bf5e4
18.Nc3xe4 Nf6xe4
19.Qf2e1 Ne4g3
20.Rh1g1 Rf8e8
21.Nf3e5 Ng3f5
22.Ne5f3 Bd6g3
23.Qe1e2 Bg3d6
24.c3 Nf5g3
25.Qe2f2 Qd8c7
26.Rd1e1 Bd6f4
27.Bd2e3 Ng3e4
28.Qf2e2 Ne4g3
29.Qe2f2 Ng3e4
30.Qf2c2 Ne4f6
31.Be3xf4 Qc7xf4
32.Kb1 Qf4f5
33.Qc2xf5 exf5
34.Nf3d2 Nb8d7
35.Ka1 c5
36.Nd2f3 Nf6e4
37.Ba2d5 Ra8c8
38.Bd5b7 Rc8b8
39.Bb7c6 Re8e7
40.Bc6xd7 Re7xd7
41.dxc5 Ne4xc5
42.Nf3d4 Nc5d3
43.Re1e3 Nd3c5
44.Nd4xb5 g6
45.c4 Nc5b3
46.Kb1 Nb3d2
47.Kc2 Nd2xc4
48.Re3c3 Rd7d2
49.Kc1 Rb8xb5
50.Rc3xc4 Rb5xb2
51.Rc4xa4 Rd2f2
52.Ra4b4 Rb2c2
53.Kb1 Rc2a2
54.a4 h5
{ resign }
0-1

[Event "Tourn. n9751"]
[Site "www.chess-mail.com"]
[Date "2018.03.01"]
[Round "1"]
[White "Jazzy"]
[Black "Sefj"]
[WhiteElo "2290"]
[BlackElo "2279"]
[Result "1-0"]
[Round "1"]
1.e4 Ng8f6
2.Qd1f3 c6
3.c3 e5
4.d3 d5
5.h3 dxe4
6.dxe4 h5
7.Bf1c4 Bc8g4
8.Qf3d3 Qd8xd3
9.Bc4xd3 Bg4e6
10.Ng1f3 Nb8d7
11.O-O Bf8c5
12.Nf3g5 Nd7f8
13.b4 Bc5e7
14.Bc1e3 Be6d7
15.Nb1d2 b5
16.Bd3c2 a5
17.Bc2b3 Nf8e6
18.Ng5xe6 fxe6
19.bxa5 Ra8xa5
20.a4 b4
21.Nd2c4 Ra5a8
22.Nc4xe5 bxc3
23.f3 Rh8h7
24.Ne5xd7 Kxd7
25.Rf1d1 Ke8
26.Bb3xe6 Be7b4
27.Be6f5 Rh7h8
28.h4 Kf7
29.Be3b6 Rh8b8
30.a5 g6
31.Bf5h3 Kg8
32.Kh2 Kh7
33.Bh3d7 Nf6xd7
34.Rd1xd7 Kg8
35.e5 Rb8xb6
36.axb6 Ra8xa1
37.b7 Bb4d6
38.exd6 Ra1b1
39.Rd7d8 Kf7
40.b8Q Rb1xb8
41.Rd8xb8 c2
42.d7 c1Q
43.d8Q Ke6
44.Qd8g5 Qc1xg5
45.hxg5 Kf5
46.Rb8c8 Kxg5
47.Rc8xc6 h4
48.Kh3 Kh5
49.f4 g5
50.Rc6c5 Kh6
51.Rc5xg5 Kh7
52.f5 Kh6
53.Rg5g4 { resign }
1-0

[Event "Tourn. n9710"]
[Site "www.chess-mail.com"]
[Date "2018.03.01"]
[Round "1"]
[White "Jjmcbride"]
[Black "Cal"]
[WhiteElo "1660"]
[BlackElo "1530"]
[Result "1-0"]
[Round "1"]
1.e4 e5
2.Ng1f3 d6
3.d4 exd4
4.Nf3xd4 c5
5.Bf1b5 Bc8d7
6.Bb5xd7 Qd8xd7
7.Nd4f5 Ng8f6
8.Qd1f3 h6
9.O-O Nb8c6
10.e5 Nc6xe5
11.Rf1e1 Bf8e7
12.Qf3h3 Ne5g4
13.Re1xe7 Qd7xe7
14.Nf5xe7 Kxe7
15.f3 Ng4e5
16.Bc1f4 a6
17.Bf4xe5 dxe5
18.Nb1c3 Rh8d8
19.Qh3g3 Nf6d7
20.Qg3xg7 Nd7f6
21.Ra1e1 Rd8g8
22.Re1xe5 Kd6
23.Qg7xf6 { resign }
1-0

[Event "Tourn. n9706"]
[Site "www.chess-mail.com"]
[Date "2018.03.01"]
[Round "1"]
[White "Izastar"]
[Black "Osopanda"]
[WhiteElo "1979"]
[BlackElo "1870"]
[Result "0-1"]
[Round "1"]
1.c4 e5
2.Nb1c3 c6
3.g3 d5
4.cxd5 cxd5
5.Bf1g2 Ng8f6
6.Ng1f3 Nb8c6
7.O-O a6
8.b3 Bf8d6
9.Bc1b2 O-O
10.d3 e4
11.dxe4 dxe4
12.Nf3g5 Rf8e8
13.Ng5xe4 Nf6xe4
14.Nc3xe4 Bd6c7
 { time }
0-1

[Event "Tourn. n9755"]
[Site "www.chess-mail.com"]
[Date "2018.03.01"]
[Round "1"]
[White "Ejner"]
[Black "Sefj"]
[WhiteElo "2380"]
[BlackElo "2329"]
[Result "1-0"]
[Round "1"]
1.Ng1f3 g5
2.Nf3xg5 e5
3.d3 d5
4.e4 h5
5.exd5 Qd8xd5
6.Nb1c3 Qd5c6
7.d4 Qc6b6
8.Bf1c4 h4
9.Bc4xf7 Kd8
10.dxe5 Bc8d7
11.e6 Ng8f6
12.O-O Bf8d6
13.exd7 Qb6c6
14.Bf7d5 Bd6xh2
15.Kxh2 Nf6xd5
16.Qd1xd5 Qc6xd5
17.Nc3xd5 Nb8xd7
18.Ng5f7 Kc8
19.Nd5e7 Kb8
20.Nf7xh8 { resign }
1-0

[Event "Tourn. n9721"]
[Site "www.chess-mail.com"]
[Date "2018.03.01"]
[Round "1"]
[White "Bojan"]
[Black "Osopanda"]
[WhiteElo "1940"]
[BlackElo "1910"]
[Result "1-0"]
[Round "1"]
1.e4 c5
2.b3 d5
3.exd5 Qd8xd5
4.Bc1b2 e5
5.Nb1c3 Qd5d6
6.Nc3b5 Qd6d8
7.Qd1h5 Ng8f6
8.Qh5xe5 Bf8e7
9.Nb5c7 Kf8
10.Nc7xa8 Nb8c6
11.Qe5c7 Qd8e8
12.O-O-O Nc6d4
13.Ng1e2 Bc8f5
14.Ne2xd4 cxd4
15.Qc7xb7 Bf5c8
16.Qb7xa7 g6
17.Rd1e1 Kg7
18.Re1xe7 Qe8f8
19.Bb2xd4 Bc8e6
20.Re7xe6 { resign }
1-0

[Event "Tourn. n9728"]
[Site "www.chess-mail.com"]
[Date "2018.03.01"]
[Round "1"]
[White "Orhany24"]
[Black "Fantomas"]
[WhiteElo "2150"]
[BlackElo "2290"]
[Result "0-1"]
[Round "1"]
1.e4 e5
2.Ng1f3 Ng8f6
3.d3 Nb8c6
4.c4 h6
5.Nb1c3 d6
6.h3 Bc8e6
7.a3 Nc6e7
8.Bf1e2 Ne7g6
9.Bc1e3 c6
10.O-O Bf8e7
11.Nf3h2 Qd8d7
12.f4 exf4
13.Be3xf4 Ng6xf4
14.Rf1xf4 O-O-O
15.b4 Nf6e8
16.b5 c5
17.a4 Be7f6
18.Qd1c2 g6
19.Rf4f1 h5
20.a5 g5
21.Ra1b1 g4
22.Nc3d5 Bf6d4
23.Kh1 Be6xd5
24.cxd5 Ne8f6
25.Rf1f5 Rd8g8
26.b6 a6
27.Rb1f1 Qd7e7
28.h4 Rh8h7
29.g3 Rg8g6
30.Kg2 Nf6g8
31.Rf1c1 Ng8h6
32.Rf5f1 f6
33.Qc2c4 Kb8
34.Rc1c2 Rh7f7
35.Rf1c1 Qe7e5
36.Qc4a4 Rg6g8
37.Rc2c4 f5
38.Rc1f1 Rg8f8
39.Qa4c2 Bd4e3
40.Rc4a4 f4
41.gxf4 Rf7xf4
42.Ra4a1 Rf4f2
43.Rf1xf2 Rf8xf2
{ resign }
0-1

[Event "Tourn. n9694"]
[Site "www.chess-mail.com"]
[Date "2018.03.01"]
[Round "1"]
[White "Ejner"]
[Black "Jazzy"]
[WhiteElo "2380"]
[BlackElo "2260"]
[Result "1-0"]
[Round "1"]
1.d4 d5
2.Ng1f3 Ng8f6
3.Bc1g5 e6
4.e3 Bf8e7
5.c4 O-O
6.Nb1c3 Nb8d7
7.Ra1c1 Nd7b6
8.c5 Nb6d7
9.Bf1d3 Nf6e8
10.Bg5xe7 Qd8xe7
11.O-O c6
12.e4 g6
13.Rf1e1 Qe7d8
14.e5 Ne8g7
15.Qd1d2 Rf8e8
16.Nc3e2 Nd7f8
17.h4 f5
18.exf6 Qd8xf6
19.Qd2g5 Qf6xg5
20.hxg5 Bc8d7
21.Nf3e5 Re8e7
22.f3 Bd7e8
23.Ne2c3 Nf8d7
24.Kf2 Nd7xe5
25.Re1xe5 Be8d7
26.g4 Ra8f8
27.Nc3e2 Re7f7
28.Ne2g1 Rf7f4
29.Ke3 Rf4f7
30.Rc1c3 Bd7c8
31.Bd3c2 Rf7f4
32.Bc2d1 Ng7e8
33.Ng1h3 Rf4f7
34.Bd1e2 Ne8c7
35.Rc3c1 a6
36.Nh3f2 Kg7
37.Rc1h1 Bc8d7
38.Nf2d3 Kg8
39.Be2d1 Nc7a8
40.Kd2 Na8c7
41.a4 Bd7e8
42.Rh1h3 Rf7g7
43.Re5e1 Kf7
44.Nd3e5 Ke7
45.Re1h1 Rf8h8
46.Bd1c2 Kd8
47.Rh3h6 Kc8
48.Bc2xg6 Be8xg6
49.Ne5xg6 Rh8g8
50.Ng6e5 Kb8
51.Rh6xh7 { resign }
1-0

[Event "Tourn. n9691"]
[Site "www.chess-mail.com"]
[Date "2018.03.01"]
[Round "1"]
[White "Izastar"]
[Black "Osopanda"]
[WhiteElo "1809"]
[BlackElo "1800"]
[Result "0-1"]
[Round "1"]
1.f4 d6
2.Ng1f3 g6
3.d3 Bf8g7
4.g3 e5
5.fxe5 dxe5
6.Bf1g2 Ng8e7
7.O-O O-O
8.c4 c6
9.Nb1c3 h6
10.Qd1c2 Bc8e6
11.e4 Qd8b6
12.Kh1 Nb8d7
13.a3 f5
14.Nc3a4 Qb6d8
15.Bc1e3 f4
16.gxf4 exf4
17.Be3d4 Ra8c8
18.Bd4xg7 Kxg7
19.Na4c3 Qd8c7
20.b4 Nd7e5
 { time }
0-1

[Event "Tourn. n9692"]
[Site "www.chess-mail.com"]
[Date "2018.03.01"]
[Round "1"]
[White "Numanoid"]
[Black "Coolant"]
[WhiteElo "2420"]
[BlackElo "2340"]
[Result "1/2-1/2"]
[Round "1"]
1.b4 d5
2.Bc1b2 Ng8f6
3.e3 Nb8d7
4.Ng1f3 g6
5.c4 c6
6.Bf1e2 Bf8g7
7.O-O O-O
8.Nb1c3 e5
9.d4 exd4
10.Nf3xd4 dxc4
11.Be2xc4 Nd7b6
12.Bc4e2 Qd8e7
13.Qd1b3 Bc8e6
14.Nd4xe6 Qe7xe6
15.Qb3xe6 fxe6
16.Rf1d1 Ra8d8
17.Rd1xd8 Rf8xd8
18.Ra1d1 Rd8xd1
19.Nc3xd1 Nf6d5
20.Bb2xg7 Kxg7
21.b5 c5
22.Kf1 Kf6
23.Ke1 Ke5
24.Kd2 Kd6
25.Nd1c3 Nd5xc3
26.Kxc3 Nb6d5
27.Kc4 Nd5b6
28.Kb3 Nb6d7
29.h4 Nd7f6
30.Be2f3 b6
31.Kc4 Nf6d7
32.Kc3 Nd7e5
{ draw }
1/2-1/2

[Event "Tourn. n9731"]
[Site "www.chess-mail.com"]
[Date "2018.03.01"]
[Round "1"]
[White "Gegonz"]
[Black "Dussek"]
[WhiteElo "1610"]
[BlackElo "1720"]
[Result "1-0"]
[Round "1"]
1.d4 d5
2.e4 dxe4
3.Bf1c4 Ng8f6
4.f3 Nb8c6
5.Bc4b5 Bc8d7
6.fxe4 Nf6xe4
7.Nb1c3 Ne4xc3
8.bxc3 a6
9.Bb5c4 e6
10.Ng1f3 Qd8f6
11.O-O Bf8d6
12.Nf3e5 Nc6xe5
13.Rf1xf6 { resign }
1-0

[Event "Tourn. n9678"]
[Site "www.chess-mail.com"]
[Date "2018.03.01"]
[Round "1"]
[White "Jjmcbride"]
[Black "Dussek"]
[WhiteElo "1630"]
[BlackElo "1820"]
[Result "0-1"]
[Round "1"]
1.e3 e5
2.d4 e4
3.f3 Ng8f6
4.Bf1e2 d5
5.f4 Nb8c6
6.c4 Bc8e6
7.c5 b6
8.Be2b5 Be6d7
9.Qd1a4 Nc6a5
10.Ng1h3 Bf8e7
11.f5 c6
12.Bb5e2 b5
13.Qa4d1 Bd7xf5
14.Nh3f2 Na5c4
15.Be2xc4 bxc4
16.h3 O-O
17.Bc1d2 Ra8b8
18.b3 cxb3
19.axb3 Nf6h5
20.Qd1xh5 Bf5g6
21.Qh5d1 Be7h4
22.O-O Qd8g5
23.Nf2g4 Bg6h5
24.Bd2e1 Bh5xg4
25.hxg4 Rb8b7
26.Qd1e2 Rb7xb3
27.Nb1c3 Rf8b8
28.Ra1xa7 Rb8f8
29.Rf1f5 Qg5d8
30.Qe2f1 Bh4g5
31.Qf1e2 { time. }
0-1

[Event "Tourn. n9635"]
[Site "www.chess-mail.com"]
[Date "2018.03.01"]
[Round "1"]
[White "Dussek"]
[Black "Sahlapalat"]
[WhiteElo "1880"]
[BlackElo "1870"]
[Result "0-1"]
[Round "1"]
1.Ng1f3 c5
2.c4 Ng8f6
3.Nb1c3 b6
4.g3 Bc8b7
5.Bf1g2 e6
6.d3 Bf8e7
7.e4 d6
8.O-O O-O
9.Bc1g5 Nb8d7
10.Qd1c2 h6
11.Bg5xf6 Be7xf6
12.Ra1d1 Ra8c8
13.Rf1e1 a6
14.a3 Qd8c7
15.b3 Rf8e8
16.Nc3e2 b5
17.Rd1c1 Qc7b6
18.Ne2c3 g6
19.Qc2d2 Kh7
20.Nc3e2 Bf6g7
21.Ne2c3 Nd7e5
22.Nf3xe5 Bg7xe5
23.f4 Be5d4
24.Kh1 f5
25.Nc3e2 bxc4
26.bxc4 Bd4g7
27.Ne2c3 Qb6a5
28.e5 Bb7xg2
29.Kxg2 dxe5
30.Nc3e4 Qa5xd2
31.Ne4xd2 exf4
32.Nd2f1 fxg3
33.Nf1xg3 Rc8d8
34.Rc1d1 Bg7c3
35.Re1e2 e5
36.Rd1c1 Rd8xd3
37.Re2c2 Bc3d4
38.a4 Rd3a3
39.Rc1b1 Re8e7
40.Ng3e2 Ra3xa4
{ resign }
0-1

[Event "Tourn. n9626"]
[Site "www.chess-mail.com"]
[Date "2018.03.01"]
[Round "1"]
[White "Sahlapalat"]
[Black "Odin"]
[WhiteElo "1869"]
[BlackElo "1890"]
[Result "1-0"]
[Round "1"]
1.d4 d5
2.c4 c6
3.Ng1f3 Ng8f6
4.Nb1c3 g6
5.cxd5 cxd5
6.Bc1f4 Nb8d7
7.e3 Bf8g7
8.Bf1d3 O-O
9.O-O a6
10.Ra1c1 Rf8e8
11.h3 Nf6h5
12.Bf4h2 e5
13.dxe5 Nd7xe5
14.Bd3e2 b5
15.Qd1xd5 Ra8b8
16.Nf3xe5 Qd8xd5
17.Nc3xd5 Bg7xe5
18.Be2xh5 gxh5
19.Bh2xe5 Re8xe5
20.Rf1d1 Re5g5
21.Rc1xc8 Rb8xc8
22.Nd5e7 Kg7
23.Ne7xc8 a5
24.e4 b4
25.Nc8d6 Kg6
26.Nd6f5 Kf6
27.Rd1d5 Rg5g6
28.Rd5xa5 Rg6g8
29.f4 Rg8e8
30.Ra5a6 Re8e6
31.Ra6xe6 Kxe6
32.Kf2 Kf6
33.Ke3 Ke6
34.Kd4 f6
35.Nf5g7 Kf7
36.Ng7xh5 Kg6
37.g4 Kf7
38.Kd5 { resign }
1-0